[Event "Altenkirchen Seniors op 19th"]
[Site "Altenkirchen"]
[Date "2022.07.25"]
[Round "7"]
[White "Koellmer, Hans Peter"]
[Black "Jonckers, Marie Jeanne"]
[Result "1/2-1/2"]
[WhiteElo "1615"]
[BlackElo "1464"]
[PlyCount "75"]
[EventDate "2022.07.19"]
[EventType "swiss"]
[EventRounds "9"]
[EventCountry "GER"]
[SourceTitle "CBM 209 Extra"]
[Source "ChessBase"]
[SourceDate "2022.09.30"]
[SourceVersion "1"]
[SourceVersionDate "2022.09.30"]
[SourceQuality "1"]

1. d4 e6 2. Bf4 Nc6 3. Nf3 Nf6 4. e3 a6 5. Nbd2 d5 6. c4 Be7 7. h3 0-0 8. Be2 h6 9. 0-0 Re8 10. a3 a5 11. Ne5 Nb8 12. Qc2 c6 13. c5 Nbd7 14. b4 Nf8 15. b5 Bd7 16. b6 Qc8 17. a4 N6h7 18. Nb3 Bg5 19. Bh2 Bf6 20. f4 Be7 21. Qd2 Nf6 22. Nxa5 Ne4 23. Qe1 Nh7 24. Nb3 Qd8 25. a5 Bh4 26. g3 Bf6 27. a6 Bxe5 28. fxe5 Bc8 29. Na5 Rb8 30. Qb4 Qd7 31. axb7 Bxb7 32. Nxb7 Rxb7 33. Ra7 Rxa7 34. bxa7 Qxa7 35. Qb6 Qxb6 36. cxb6 Rb8 37. Rb1 Nc3 38. Rb2 1/2-1/2

[Event "Altenkirchen Seniors op 19th"]
[Site "Altenkirchen"]
[Date "2022.07.23"]
[Round "5"]
[White "Alicke, Manfred"]
[Black "Koellmer, Hans Peter"]
[Result "1/2-1/2"]
[WhiteElo "1572"]
[BlackElo "1615"]
[PlyCount "56"]
[EventDate "2022.07.19"]
[EventType "swiss"]
[EventRounds "9"]
[EventCountry "GER"]
[SourceTitle "CBM 209 Extra"]
[Source "ChessBase"]
[SourceDate "2022.09.30"]
[SourceVersion "1"]
[SourceVersionDate "2022.09.30"]
[SourceQuality "1"]

1. d4 e6 2. a3 d5 3. c4 c6 4. Nc3 Nf6 5. Nf3 Be7 6. e3 b6 7. b4 0-0 8. Bd3 dxc4 9. Bxc4 Nd5 10. Bb2 Ba6 11. Qd3 Bxc4 12. Qxc4 b5 13. Qe2 Nb6 14. Nd2 Bf6 15. 0-0 N8d7 16. Qf3 Qc7 17. Nce4 Na4 18. Rab1 Nxb2 19. Rxb2 Be7 20. Nb3 Nb6 21. Na5 Qd7 22. Rc1 Rac8 23. Rbc2 Rfe8 24. Nxc6 Nc4 25. Nxe7+ Qxe7 26. Qe2 Qb7 27. Qd3 Red8 28. Ng5 g6 1/2-1/2

[Event "Altenkirchen Seniors op 19th"]
[Site "Altenkirchen"]
[Date "2022.07.19"]
[Round "1"]
[White "Waltenberger, Udo"]
[Black "Koellmer, Hans Peter"]
[Result "1-0"]
[WhiteElo "1994"]
[BlackElo "1615"]
[PlyCount "43"]
[EventDate "2022.07.19"]
[EventType "swiss"]
[EventRounds "9"]
[EventCountry "GER"]
[SourceTitle "CBM 209 Extra"]
[Source "ChessBase"]
[SourceDate "2022.09.30"]
[SourceVersion "1"]
[SourceVersionDate "2022.09.30"]
[SourceQuality "1"]

1. Nf3 e6 2. g3 b6 3. Bg2 Bb7 4. 0-0 Nf6 5. c4 c5 6. Nc3 d6 7. b3 Be7 8. Bb2 Nbd7 9. d4 a6 10. Re1 Qc7 11. e4 e5 12. dxe5 dxe5 13. Nd5 Nxd5 14. exd5 Bd6 15. Ng5 Nf6 16. f4 Nd7 17. Bh3 h6 18. Ne4 f6 19. Bxd7+ Qxd7 20. Nxd6+ Qxd6 21. fxe5 fxe5 22. Bxe5 1-0

[Event "GER-chB Seniors 28th"]
[Site "Niederhausen"]
[Date "2016.08.20"]
[Round "8"]
[White "Koellmer, Hans Peter"]
[Black "Baur, Helmut"]
[Result "0-1"]
[WhiteElo "1646"]
[BlackElo "1779"]
[PlyCount "190"]
[EventDate "2016.08.13"]
[EventType "swiss"]
[EventRounds "9"]
[EventCountry "GER"]
[SourceTitle "EXT 2019"]
[Source "ChessBase"]
[SourceDate "2018.10.10"]
[SourceVersion "1"]
[SourceVersionDate "2018.10.10"]
[SourceQuality "1"]

1. d4 Nf6 2. Bf4 b6 3. Nf3 Bb7 4. e3 Nh5 5. Bg3 Nxg3 6. hxg3 g6 7. Nbd2 Bg7 8. Be2 d6 9. c3 Nd7 10. Qb3 e6 11. a4 a5 12. 0-0 0-0 13. Rfb1 c5 14. Bf1 Qc7 15. Rc1 Rab8 16. Bb5 Rfc8 17. Qd1 Nf6 18. Qe2 Qe7 19. Ba6 Qd8 20. Bxb7 Rxb7 21. Qb5 Qc7 22. Qe2 Qc6 23. Qb5 Qxb5 24. axb5 c4 25. Ra4 Rbc7 26. Nh2 Nd7 27. Ne4 d5 28. Nd2 e5 29. f4 e4 30. Raa1 f5 31. Rf1 Nf6 32. Kf2 h5 33. Rh1 Ra8 34. Nb1 a4 35. Na3 Bf8 36. Rab1 Rca7 37. Ke2 Ra5 38. Kd2 Ne8 39. Kc2 Nd6 40. Rhd1 Nxb5 41. Nxb5 Rxb5 42. Ra1 Rba5 43. Ra2 b5 44. Rda1 b4 45. cxb4 Bxb4 46. Nf1 Kf7 47. Nd2 a3 48. bxa3 Rxa3 49. Rxa3 Rxa3 50. Rxa3 Bxa3 51. Nb1 Be7 52. Nc3 Ke6 53. Ne2 Kd6 54. Nc3 Kc6 55. Ne2 Bb4 56. Kd1 Kb5 57. Kc2 Ka4 58. Nc1 Ka3 59. Ne2 Ka4 60. Kd1 Kb5 61. Nc1 Ka4 62. Ne2 Ka3 63. Kc2 Ka2 64. Nc1+ Ka1 65. Ne2 Ba5 66. Nc1 Be1 67. Ne2 Ka2 68. Nc1+ Ka3 69. Ne2 Ba5 70. Nc1 Ka4 71. Ne2 Bd8 72. Nc3+ Ka5 73. Ne2 Kb5 74. Nc3+ Kc6 75. Ne2 Ba5 76. Kd1 Kd6 77. Kc2 Ke6 78. Kd1 Bd8 79. Kc2 h4 80. gxh4 Bxh4 81. g3 Bd8 82. Kd1 g5 83. Kc2 gxf4 84. gxf4 Ba5 85. Kd1 Kf6 86. Ng3 Kg6 87. Ne2 Kh5 88. Nc1 Kg4 89. Ke2 Kg3 90. Na2 Kg2 91. Nc1 Kg3 92. Na2 c3 93. Nc1 c2 94. Na2 Bb4 95. Nc1 Ba3 0-1

[Event "GER-chB Seniors 28th"]
[Site "Niederhausen"]
[Date "2016.08.16"]
[Round "4"]
[White "Koellmer, Hans Peter"]
[Black "Thaler, Regina"]
[Result "1/2-1/2"]
[WhiteElo "1646"]
[BlackElo "1237"]
[PlyCount "82"]
[EventDate "2016.08.13"]
[EventType "swiss"]
[EventRounds "9"]
[EventCountry "GER"]
[SourceTitle "EXT 2019"]
[Source "ChessBase"]
[SourceDate "2018.10.10"]
[SourceVersion "1"]
[SourceVersionDate "2018.10.10"]
[SourceQuality "1"]

1. d4 d5 2. Nf3 Bf5 3. Bf4 Nd7 4. Nbd2 e6 5. e3 c5 6. c3 Ngf6 7. Qa4 a6 8. Be2 b5 9. Qd1 Ne4 10. 0-0 Ndf6 11. Ne5 Qb6 12. Ndf3 Bd6 13. Nh4 h6 14. Nxf5 exf5 15. dxc5 Qxc5 16. Nd3 Qc6 17. Bxd6 Qxd6 18. Nb4 Rd8 19. Qd4 0-0 20. Nd3 Rfe8 21. Rad1 Ng4 22. g3 Ne5 23. Nf4 Ng5 24. Kg2 Qc6 25. h4 Ne4 26. Nd3 Ng6 27. h5 Ne7 28. Ne5 Qe6 29. f3 Nf6 30. Rh1 g6 31. hxg6 fxg6 32. Rxh6 Kg7 33. Rdh1 Rh8 34. Rxh8 Rxh8 35. Rxh8 Kxh8 36. Nd7 Kg7 37. Nxf6 Qxf6 38. f4 Qxd4 39. exd4 Kf6 40. Kf3 Ke6 41. Bd1 Nc6 1/2-1/2

[Event "GER-chB Seniors 27th"]
[Site "Magdeburg"]
[Date "2015.08.20"]
[Round "6"]
[White "Koellmer, Hans Peter"]
[Black "Scholtyssek, Werner"]
[Result "0-1"]
[WhiteElo "1616"]
[BlackElo "1773"]
[PlyCount "62"]
[EventDate "2015.08.15"]
[EventType "swiss"]
[EventRounds "9"]
[EventCountry "GER"]
[SourceTitle "EXT 2018"]
[Source "ChessBase"]
[SourceDate "2017.10.13"]
[SourceVersion "1"]
[SourceVersionDate "2017.10.13"]
[SourceQuality "1"]

1. d4 Nf6 2. Nf3 d5 3. Bf4 g6 4. e3 Bg7 5. Nbd2 Nh5 6. Be5 f6 7. Bg3 Nxg3 8. hxg3 e5 9. c3 e4 10. Nh2 c6 11. Be2 Be6 12. Qb3 Qc7 13. Qc2 Nd7 14. c4 f5 15. c5 0-0 16. Nhf1 Nf6 17. f4 h5 18. Kf2 Bh6 19. Qd1 Qf7 20. Nh2 Ng4+ 21. Nxg4 fxg4 22. Nf1 Qc7 23. Nh2 Qd7 24. Nxg4 Bxf4 25. gxf4 hxg4 26. Kg3 g5 27. fxg5 Qc7+ 28. Kh4 Rf7 29. Bxg4 Rh7+ 30. Bh5 Rf8 31. Qe1 Rxh5+ 0-1

[Event "GER-chB Seniors 27th"]
[Site "Magdeburg"]
[Date "2015.08.17"]
[Round "3"]
[White "Walther, Renate"]
[Black "Koellmer, Hans Peter"]
[Result "0-1"]
[WhiteElo "1207"]
[BlackElo "1616"]
[PlyCount "50"]
[EventDate "2015.08.15"]
[EventType "swiss"]
[EventRounds "9"]
[EventCountry "GER"]
[SourceTitle "EXT 2018"]
[Source "ChessBase"]
[SourceDate "2017.10.13"]
[SourceVersion "1"]
[SourceVersionDate "2017.10.13"]
[SourceQuality "1"]

1. e4 c5 2. Nf3 Nc6 3. Bc4 e6 4. Nc3 a6 5. d4 cxd4 6. Nxd4 Qc7 7. Be3 Nf6 8. Nf3 Ng4 9. Qd2 Nxe3 10. Qxe3 Nb4 11. 0-0-0 Qxc4 12. Nd2 Qc7 13. f4 a5 14. Ndb1 b5 15. Na3 Ba6 16. Rd2 Rb8 17. g4 Bc5 18. Qf3 Nc6 19. Nd5 Qa7 20. Re1 0-0 21. e5 b4 22. Rd3 Bxd3 23. cxd3 bxa3 24. b3 exd5 25. Qxd5 Nb4 0-1

[Event "Rheinland Pfalz op 6th"]
[Site "Gau Algesheim"]
[Date "2014.06.21"]
[Round "5"]
[White "Koellmer, Hans Peter"]
[Black "Klein, Gernot"]
[Result "0-1"]
[WhiteElo "1605"]
[BlackElo "1925"]
[PlyCount "206"]
[EventDate "2014.06.19"]
[EventType "swiss"]
[EventRounds "7"]
[EventCountry "GER"]
[SourceTitle "CBM 161 Extra"]
[Source "ChessBase"]
[SourceDate "2014.08.29"]
[SourceVersion "1"]
[SourceVersionDate "2014.08.29"]
[SourceQuality "1"]

1. d4 d5 2. Bf4 c6 3. Nf3 Qb6 4. Qc1 Bf5 5. e3 Nf6 6. Nbd2 h6 7. c4 e6 8. c5 Qd8 9. b4 a6 10. Qc3 Nbd7 11. Be2 Be7 12. 0-0 0-0 13. Ne5 Nxe5 14. Bxe5 Nd7 15. Bg3 Bf6 16. Bd3 Bxd3 17. Qxd3 e5 18. Nb3 Re8 19. Rae1 e4 20. Qe2 Re6 21. Na5 Qc8 22. Nb3 Bd8 23. Nd2 Bc7 24. Bxc7 Qxc7 25. a4 f5 26. f4 exf3 27. Rxf3 Rf8 28. Ref1 f4 29. e4 dxe4 30. Nxe4 Kh8 31. Qd3 Qb8 32. g3 fxg3 33. Rxf8+ Nxf8 34. Nxg3 Qe8 35. d5 cxd5 36. Qxd5 Re7 37. Qd6 Nd7 38. b5 axb5 39. axb5 Nf6 40. c6 bxc6 41. bxc6 Re6 42. Qb4 Qxc6 43. Qb1 Qb6+ 44. Kh1 Qxb1 45. Rxb1 Kh7 46. h3 Ra6 47. Kg2 Ra3 48. Rb7 Kg6 49. Rb6 Rc3 50. Ne4 Re3 51. Nxf6 gxf6 52. Rb5 h5 53. h4 Ra3 54. Rc5 Ra4 55. Kh3 Rg4 56. Ra5 Rg1 57. Kh2 Re1 58. Kh3 Re5 59. Ra6 Kf5 60. Kg3 Re3+ 61. Kg2 Re5 62. Kf3 Rb5 63. Kg3 Ke5 64. Ra8 Rb3+ 65. Kg2 Kf4 66. Ra4+ Kf5 67. Ra5+ Kg6 68. Ra6 Rb5 69. Kg3 Kf5 70. Kg2 Rb4 71. Kh3 Rd4 72. Ra5+ Kg6 73. Ra6 Rd3+ 74. Kg2 Re3 75. Rb6 Kf5 76. Ra6 Re8 77. Kf3 Re1 78. Ra5+ Kg6 79. Kf2 Re5 80. Ra6 Kf5 81. Kf3 Rb5 82. Ra3 Kg6 83. Ra6 Rf5+ 84. Kg3 Rf1 85. Kg2 Rf4 86. Kg3 Rg4+ 87. Kh3 Rg1 88. Kh2 Re1 89. Rb6 Re3 90. Ra6 Kf5 91. Ra5+ Kg4 92. Ra4+ Kf3 93. Ra6 f5 94. Ra5 Kg4 95. Ra4+ f4 96. Kg2 Re2+ 97. Kf1 Rh2 98. Ra8 Rxh4 99. Rg8+ Kf3 100. Rg1 Rh2 101. Ke1 Ra2 102. Rg5 h4 103. Rh5 Kg4 0-1

[Event "Rheinland Pfalz op Seniors 11th"]
[Site "Neustadt an der Weinstrasse"]
[Date "2013.07.12"]
[Round "1"]
[White "Boehler, Karl Heinz"]
[Black "Koellmer, Hans Peter"]
[Result "1-0"]
[WhiteElo "1896"]
[BlackElo "1426"]
[PlyCount "101"]
[EventDate "2013.07.12"]
[EventType "swiss"]
[EventRounds "7"]
[EventCountry "GER"]
[SourceTitle "EXT 2019"]
[Source "ChessBase"]
[SourceDate "2018.10.10"]
[SourceVersion "1"]
[SourceVersionDate "2018.10.10"]
[SourceQuality "1"]

1. d4 e6 2. Nf3 Nf6 3. g3 b6 4. Bg2 Bb7 5. 0-0 c5 6. c3 Be7 7. Nbd2 d5 8. Ne5 Nbd7 9. Ndf3 0-0 10. b3 Ne4 11. Bb2 Ndf6 12. Nd3 Qc7 13. Rc1 c4 14. Nde5 Nd6 15. Nd2 b5 16. Qc2 Rac8 17. Qb1 Nd7 18. Ndf3 Ne4 19. Rfd1 Ng5 20. e3 Nxf3+ 21. Nxf3 Qb8 22. h4 f5 23. Ng5 Rf6 24. Qc2 Nf8 25. Qe2 Rg6 26. Nf3 Nd7 27. Rb1 Qa8 28. Ba1 a6 29. Nd2 Rf6 30. bxc4 dxc4 31. Bxb7 Qxb7 32. Nxc4 Qd5 33. Na5 b4 34. cxb4 Rff8 35. a3 Qb5 36. Qxb5 axb5 37. Rbc1 Nb6 38. Bb2 Nc4 39. Nxc4 bxc4 40. Rc2 Rc7 41. Rdc1 Rfc8 42. b5 Ra7 43. Rxc4 Rxc4 44. Rxc4 Bxa3 45. Bxa3 Rxa3 46. Rb4 Ra8 47. b6 Rb8 48. b7 Kf7 49. Kg2 Ke7 50. Rb6 h5 51. Kf3 1-0

[Event "Rheinland Pfalz op 5th"]
[Site "Worms"]
[Date "2013.06.02"]
[Round "7"]
[White "Koellmer, Hans Peter"]
[Black "Marhoefer, Daniel"]
[Result "1/2-1/2"]
[WhiteElo "1580"]
[BlackElo "1397"]
[PlyCount "46"]
[EventDate "2013.05.30"]
[EventType "swiss"]
[EventRounds "7"]
[EventCountry "GER"]
[SourceTitle "EXT 2014"]
[Source "ChessBase"]
[SourceDate "2013.11.20"]
[SourceVersion "1"]
[SourceVersionDate "2013.11.20"]
[SourceQuality "1"]

1. d4 Nf6 2. Bf4 e6 3. Nf3 b6 4. e3 Bb7 5. Nbd2 c5 6. c3 Be7 7. Bd3 0-0 8. Qc2 Nc6 9. Nc4 cxd4 10. exd4 d6 11. Ncd2 Rc8 12. Ne4 h6 13. Nxf6+ Bxf6 14. h4 Re8 15. 0-0-0 Nb4 16. Qb3 Bxf3 17. gxf3 Nxd3+ 18. Rxd3 Qd7 19. Kb1 d5 20. Qd1 Qb5 21. Ka1 Rc4 22. Rd2 Rec8 23. Qg1 h5 1/2-1/2

[Event "Rheinland Pfalz op 5th"]
[Site "Worms"]
[Date "2013.06.01"]
[Round "5"]
[White "Koellmer, Hans Peter"]
[Black "Baumann, Gerhard"]
[Result "0-1"]
[WhiteElo "1580"]
[BlackElo "1876"]
[PlyCount "82"]
[EventDate "2013.05.30"]
[EventType "swiss"]
[EventRounds "7"]
[EventCountry "GER"]
[SourceTitle "EXT 2014"]
[Source "ChessBase"]
[SourceDate "2013.11.20"]
[SourceVersion "1"]
[SourceVersionDate "2013.11.20"]
[SourceQuality "1"]

1. d4 Nf6 2. Bf4 g6 3. Nf3 Bg7 4. Qc1 c5 5. Bh6 0-0 6. Bxg7 Kxg7 7. e3 b6 8. Nbd2 Bb7 9. Bd3 Nc6 10. c3 d5 11. 0-0 Rc8 12. Re1 Qd6 13. Qb1 Rfe8 14. e4 dxe4 15. Nxe4 Nxe4 16. Bxe4 Rc7 17. Qd1 cxd4 18. Nxd4 Nxd4 19. Bxb7 Rxb7 20. Qxd4+ Qxd4 21. cxd4 Rd7 22. Rad1 Red8 23. Kf1 f6 24. Rc1 Kf7 25. Rc4 Rxd4 26. Rxd4 Rxd4 27. Re2 Rd1+ 28. Re1 Rxe1+ 29. Kxe1 Ke6 30. Ke2 Kd5 31. h4 Kd4 32. f4 e5 33. fxe5 fxe5 34. Kd2 e4 35. Ke2 e3 36. Ke1 Kd3 37. Kd1 b5 38. b3 b4 39. g4 h5 40. g5 a6 41. Ke1 e2 0-1

[Event "Rheinland Pfalz op 5th"]
[Site "Worms"]
[Date "2013.05.30"]
[Round "1"]
[White "Koellmer, Hans Peter"]
[Black "Weissmann, Joerg"]
[Result "0-1"]
[WhiteElo "1580"]
[BlackElo "2071"]
[PlyCount "54"]
[EventDate "2013.05.30"]
[EventType "swiss"]
[EventRounds "7"]
[EventCountry "GER"]
[SourceTitle "EXT 2014"]
[Source "ChessBase"]
[SourceDate "2013.11.20"]
[SourceVersion "1"]
[SourceVersionDate "2013.11.20"]
[SourceQuality "1"]

1. d4 Nf6 2. Bf4 g6 3. Nf3 Bg7 4. Qc1 d6 5. Bh6 0-0 6. Bxg7 Kxg7 7. Nbd2 Nc6 8. e3 e5 9. dxe5 dxe5 10. e4 Nh5 11. Nc4 f5 12. Nfxe5 Nxe5 13. Nxe5 Re8 14. Nc4 Rxe4+ 15. Ne3 f4 16. Bd3 Re8 17. 0-0 fxe3 18. fxe3 Qg5 19. Bc4 Be6 20. Bxe6 Rxe6 21. Rf3 Rf8 22. Rxf8 Kxf8 23. Qf1+ Kg7 24. Qd3 Qxe3+ 25. Qxe3 Rxe3 26. Kf2 Re6 27. Rd1 Rd6 0-1

[Event "Hessen-ch Seniors op 09th"]
[Site "Bad Sooden-Allendorf"]
[Date "2013.04.26"]
[Round "7"]
[White "Kynast, Reinhard"]
[Black "Koellmer, Hans Peter"]
[Result "0-1"]
[WhiteElo "1924"]
[BlackElo "1566"]
[PlyCount "74"]
[EventDate "2013.04.20"]
[EventType "swiss"]
[EventRounds "9"]
[EventCountry "GER"]
[SourceTitle "EXT 2019"]
[Source "ChessBase"]
[SourceDate "2018.10.10"]
[SourceVersion "1"]
[SourceVersionDate "2018.10.10"]
[SourceQuality "1"]

1. c4 e6 2. Nc3 d5 3. d4 Nf6 4. e3 b6 5. Nf3 Bb7 6. Be2 dxc4 7. Bxc4 Nbd7 8. 0-0 Be7 9. Bd2 c5 10. Re1 0-0 11. h3 Rc8 12. Qe2 Qc7 13. Bb3 Qb8 14. Red1 Rfd8 15. Bc2 Qa8 16. e4 cxd4 17. Nxd4 Ne5 18. Bg5 h6 19. Bh4 Ng6 20. Bg3 Nh7 21. Ndb5 Rxd1+ 22. Rxd1 Ba6 23. Rd7 Rd8 24. Rxa7 Qxa7 25. Bc7 Rd7 26. Qe3 Qb7 27. Bxb6 Ne5 28. b3 Bd8 29. Bd4 Nc6 30. a4 Nxd4 31. Nxd4 Bb6 32. Bd3 Bxd4 33. Bxa6 Qxa6 34. Qe1 Qa5 35. Qe2 Qxc3 36. Qa2 Qb2 37. Qxb2 Bxb2 0-1

[Event "Hessen-ch Seniors op 09th"]
[Site "Bad Sooden-Allendorf"]
[Date "2013.04.25"]
[Round "6"]
[White "Koellmer, Hans Peter"]
[Black "Neumann, Peter1111"]
[Result "1-0"]
[WhiteElo "1566"]
[BlackElo "1791"]
[PlyCount "27"]
[EventDate "2013.04.20"]
[EventType "swiss"]
[EventRounds "9"]
[EventCountry "GER"]
[SourceTitle "EXT 2019"]
[Source "ChessBase"]
[SourceDate "2018.10.10"]
[SourceVersion "1"]
[SourceVersionDate "2018.10.10"]
[SourceQuality "1"]

1. d4 Nf6 2. Bf4 g6 3. Nf3 Bg7 4. e3 d6 5. Be2 Nbd7 6. Nbd2 0-0 7. c3 Re8 8. h4 e5 9. dxe5 dxe5 10. Bg3 Nh5 11. Ne4 f5 12. Bc4+ Kf8 13. Qd5 Ndf6 14. Qf7# 1-0

[Event "Hessen-ch Seniors op 09th"]
[Site "Bad Sooden-Allendorf"]
[Date "2013.04.20"]
[Round "1"]
[White "Liszka, Guenter"]
[Black "Koellmer, Hans Peter"]
[Result "1-0"]
[WhiteElo "1949"]
[BlackElo "1566"]
[PlyCount "21"]
[EventDate "2013.04.20"]
[EventType "swiss"]
[EventRounds "9"]
[EventCountry "GER"]
[SourceTitle "EXT 2019"]
[Source "ChessBase"]
[SourceDate "2018.10.10"]
[SourceVersion "1"]
[SourceVersionDate "2018.10.10"]
[SourceQuality "1"]

1. e4 e6 2. d4 d5 3. Nc3 c5 4. exd5 cxd4 5. Qxd4 Ne7 6. Bb5+ Bd7 7. dxe6 Bxb5 8. exf7+ Kxf7 9. Qxd8 Bc6 10. Nf3 Bxf3 11. gxf3 1-0

[Event "Hofheim Spring op-B 1st"]
[Site "Hofheim"]
[Date "2013.04.06"]
[Round "8"]
[White "Koellmer, Hans Peter"]
[Black "Minko, Dmitry"]
[Result "0-1"]
[WhiteElo "1566"]
[BlackElo "1651"]
[PlyCount "60"]
[EventDate "2013.04.02"]
[EventType "swiss"]
[EventRounds "9"]
[EventCountry "GER"]
[SourceTitle "EXT 2018"]
[Source "ChessBase"]
[SourceDate "2017.10.13"]
[SourceVersion "1"]
[SourceVersionDate "2017.10.13"]
[SourceQuality "1"]

1. d4 d5 2. Bf4 Nf6 3. Nf3 Bf5 4. Nbd2 Nbd7 5. e3 e6 6. c4 Be7 7. Qb3 dxc4 8. Nxc4 Nb6 9. Nce5 0-0 10. Be2 Nfd5 11. 0-0 Nxf4 12. exf4 Qd5 13. Qxd5 Nxd5 14. a3 Nxf4 15. Bc4 Rfd8 16. Rfd1 f6 17. Nd3 Ne2+ 18. Kf1 Nxd4 19. Nxd4 Rxd4 20. b3 Rad8 21. Nb2 Rxd1+ 22. Nxd1 Bd3+ 23. Bxd3 Rxd3 24. b4 Kf7 25. Ne3 a5 26. Ke2 Rb3 27. bxa5 Rxa3 28. Rxa3 Bxa3 29. Nc4 Bb4 30. Kd3 e5 0-1